| 000 | 00617nam a2200205 i 4500 | ||
|---|---|---|---|
| 001 | 74862 | ||
| 003 | ES-MaACL | ||
| 005 | 20230906172253.0 | ||
| 007 | t| | ||
| 008 | 040921s1916 fr ||||1| fre d | ||
| 100 | 1 |
_aGourmont, Rémy de ( _d1858-1916) _959362 |
|
| 245 | 1 | 0 |
_aDans la tourmente _b: (avril-juillet 1915) / _cRemy de Gourmont ; préface de Jena de Gourmont. |
| 260 |
_aParís : _bGeorges Grés et Cie., _c1916. |
||
| 300 |
_aXIII, 129 p. ; _c15 cm. |
||
| 490 | 1 | _aBellum | |
| 700 | 1 |
_aGourmont, Jean de. _959361 |
|
| 830 | 0 |
_aBellum _9181605 |
|
| 852 |
_aES-MaACL _jG-2034 |
||
| 999 |
_c74862 _d74862 |
||